Schaum's outline of theory and problems of machine design / (Record no. 8469)
[ view plain ]
| 000 -LEADER | |
|---|---|
| fixed length control field | 00808 a2200241 4500 |
| 020 ## - INTERNATIONAL STANDARD BOOK NUMBER | |
| International Standard Book Number | 007084352X |
| 082 00 - DEWEY DECIMAL CLASSIFICATION NUMBER | |
| Classification number | 621.815 |
| 090 ## - LOCALLY ASSIGNED LC-TYPE CALL NUMBER (OCLC); LOCAL CALL NUMBER (RLIN) | |
| -- | 4580 |
| -- | 4580 |
| 100 1# - MAIN ENTRY--PERSONAL NAME | |
| Personal name | Hall, Allen Strickland. |
| 245 10 - TITLE STATEMENT | |
| Title | Schaum's outline of theory and problems of machine design / |
| Statement of responsibility, etc. | by Allen S. Hall, Jr., Alfred R. Holowenko, Herman G. Laughlin ; adapted and converted to SI units by P.C. Hills and M.D. Bennett. |
| 250 ## - EDITION STATEMENT | |
| Edition statement | SI (metric) ed. |
| 260 ## - PUBLICATION, DISTRIBUTION, ETC. | |
| Place of publication, distribution, etc. | New Delhi : |
| Name of publisher, distributor, etc. | Tata McGraw-Hill, |
| Date of publication, distribution, etc. | c1980. |
| 300 ## - PHYSICAL DESCRIPTION | |
| Extent | 344 p. : |
| Other physical details | ill. ; |
| Dimensions | 28 cm. |
| 490 0# - SERIES STATEMENT | |
| Series statement | Schaum's outline series |
| 500 ## - GENERAL NOTE | |
| General note | Includes index. |
| 650 #0 - SUBJECT ADDED ENTRY--TOPICAL TERM | |
| Topical term or geographic name entry element | Machine design. |
| 700 1# - ADDED ENTRY--PERSONAL NAME | |
| Personal name | Holowenko, Alfred R. |
| 700 1# - ADDED ENTRY--PERSONAL NAME | |
| Personal name | Laughlin, Herman G. |
| 700 1# - ADDED ENTRY--PERSONAL NAME | |
| Personal name | Hills, P. C. |
| 700 1# - ADDED ENTRY--PERSONAL NAME | |
| Personal name | Bennett, M. D. |
| 740 0# - ADDED ENTRY--UNCONTROLLED RELATED/ANALYTICAL TITLE | |
| Uncontrolled related/analytical title | Machine design. |
| 942 ## - ADDED ENTRY ELEMENTS (KOHA) | |
| Koha item type | Book |
| Call number prefix | 621.815 HAL |
| Withdrawn status | Lost status | Damaged status | Not for loan | Collection code | Permanent Location | Current Location | Shelving location | Date acquired | Total Checkouts | Full call number | Barcode | Date last seen | Price effective from | Koha item type |
|---|---|---|---|---|---|---|---|---|---|---|---|---|---|---|
| Central Library (CL) | Central Library (CL) | General Stacks | 06/02/2014 | 621.815 HAL | SEECSD00067 | 11/14/2012 | 01/05/2017 | Book | ||||||
| Central Library (CL) | Central Library (CL) | General Stacks | 06/02/2014 | 621.815 HAL | SEECSD00066 | 11/14/2012 | 01/05/2017 | Book |
